<?xml version="1.0" encoding="UTF-8"?>
<record
    xmlns:xsi="http://www.w3.org/2001/XMLSchema-instance"
    xsi:schemaLocation="http://www.loc.gov/MARC21/slim http://www.loc.gov/standards/marcxml/schema/MARC21slim.xsd"
    xmlns="http://www.loc.gov/MARC21/slim">

  <leader>01823nam a2200325 i 4500</leader>
  <controlfield tag="003">DO-SdBNP</controlfield>
  <controlfield tag="005">20260525200946.0</controlfield>
  <controlfield tag="006">a||||gr|||| 00| 0 </controlfield>
  <controlfield tag="007">ta</controlfield>
  <controlfield tag="008">231020n200?    dr aobc| |||| 00| 0 spa d</controlfield>
  <datafield tag="040" ind1=" " ind2=" ">
    <subfield code="a">DO-SdBNP</subfield>
    <subfield code="b">spa</subfield>
    <subfield code="c">BNPHU</subfield>
    <subfield code="e">rda</subfield>
  </datafield>
  <datafield tag="041" ind1=" " ind2=" ">
    <subfield code="a">spa</subfield>
  </datafield>
  <datafield tag="082" ind1=" " ind2="4">
    <subfield code="2">23</subfield>
    <subfield code="b">R696a</subfield>
    <subfield code="a">972.9317</subfield>
  </datafield>
  <datafield tag="100" ind1=" " ind2=" ">
    <subfield code="4">aut.</subfield>
    <subfield code="a">Rodr&#xED;guez Bueno, Juan Jos&#xE9; </subfield>
    <subfield code="e">autor</subfield>
    <subfield code="9">89743</subfield>
  </datafield>
  <datafield tag="245" ind1="1" ind2="0">
    <subfield code="a">As&#xED; es la provincia Santiago Rodr&#xED;guez. /</subfield>
    <subfield code="c">Juan Jos&#xE9; Rodr&#xED;guez Bueno ; portada, Rafael B. Pujols.</subfield>
  </datafield>
  <datafield tag="264" ind1=" " ind2=" ">
    <subfield code="a">[Santiago Rodr&#xED;guez,] Rep&#xFA;blica Dominicana :</subfield>
    <subfield code="b">Impresos Reyes,</subfield>
    <subfield code="c">[200?]</subfield>
  </datafield>
  <datafield tag="300" ind1=" " ind2=" ">
    <subfield code="a">221 p&#xE1;ginas :</subfield>
    <subfield code="b">Ilustraciones, fotograf&#xED;as, mapas, retratos ;</subfield>
    <subfield code="c">21 cm</subfield>
  </datafield>
  <datafield tag="336" ind1=" " ind2=" ">
    <subfield code="2">rdacontent</subfield>
    <subfield code="a">texto </subfield>
    <subfield code="b">txt</subfield>
  </datafield>
  <datafield tag="337" ind1=" " ind2=" ">
    <subfield code="2">rdamedia</subfield>
    <subfield code="a">sin mediaci&#xF3;n</subfield>
    <subfield code="b">n</subfield>
  </datafield>
  <datafield tag="338" ind1=" " ind2=" ">
    <subfield code="2">rdacarreir</subfield>
    <subfield code="a">volumen</subfield>
    <subfield code="b">nc</subfield>
  </datafield>
  <datafield tag="500" ind1=" " ind2=" ">
    <subfield code="a">Incluye datos biogr&#xE1;ficos del autor en la contracubierta.</subfield>
  </datafield>
  <datafield tag="504" ind1=" " ind2=" ">
    <subfield code="a">Bibliograf&#xED;a: p&#xE1;ginas [22 - 23].</subfield>
  </datafield>
  <datafield tag="505" ind1=" " ind2=" ">
    <subfield code="a">Marco F&#xED;sico de la Provincia.</subfield>
    <subfield code="t">Evoluci&#xF3;n hist&#xF3;rico- Pol&#xED;tico.--</subfield>
    <subfield code="t">General Santiago Rodr&#xED;guez, Ide&#xF3;logo de la Restauraci&#xF3;n.--</subfield>
    <subfield code="t">Sabaneta, Cuna de la Restauraci&#xF3;n.--</subfield>
    <subfield code="t">Producci&#xF3;n Agr&#xED;cola.--</subfield>
    <subfield code="t">Producci&#xF3;n Pecuaria.--</subfield>
    <subfield code="t">Evoluci&#xF3;n Educativa y Cultural.--</subfield>
    <subfield code="t">Medios de Comunicaci&#xF3;n.--</subfield>
    <subfield code="t">Sus Autoridades, L&#xED;deres Comunitarios y Pol&#xED;ticos Aspectos Religiosos.--</subfield>
    <subfield code="t">Aspectos Religiosos.--</subfield>
    <subfield code="t">Valores Art&#xED;sticos y Folkl&#xF3;ricos.--</subfield>
    <subfield code="t">Municipio de Monci&#xF3;n.--</subfield>
    <subfield code="t">Distrito Municipal de Villa Los Almacigos.</subfield>
  </datafield>
  <datafield tag="590" ind1=" " ind2=" ">
    <subfield code="a">Inventariado 2023 / MF</subfield>
  </datafield>
  <datafield tag="651" ind1=" " ind2=" ">
    <subfield code="a">Santiago Rodr&#xED;guez (Rep&#xFA;blica DOminicana : Provincia)</subfield>
    <subfield code="x">Historia</subfield>
    <subfield code="9">89744</subfield>
  </datafield>
  <datafield tag="651" ind1=" " ind2=" ">
    <subfield code="a">Santiago Rodr&#xED;guez (Rep&#xFA;blica DOminicana : Provincia)</subfield>
    <subfield code="x">Geograf&#xED;a</subfield>
    <subfield code="9">89745</subfield>
  </datafield>
  <datafield tag="651" ind1=" " ind2=" ">
    <subfield code="a">Santiago Rodr&#xED;guez (Rep&#xFA;blica DOminicana : Provincia)</subfield>
    <subfield code="x">Condiciones econ&#xF3;micas</subfield>
    <subfield code="9">89746</subfield>
  </datafield>
  <datafield tag="700" ind1="1" ind2=" ">
    <subfield code="a">Pujols, Rafael B.,</subfield>
    <subfield code="e">ilustrador</subfield>
    <subfield code="9">84506</subfield>
  </datafield>
  <datafield tag="942" ind1=" " ind2=" ">
    <subfield code="2">ddc</subfield>
    <subfield code="c">LBS1</subfield>
  </datafield>
  <datafield tag="952" ind1=" " ind2=" ">
    <subfield code="0">0</subfield>
    <subfield code="1">0</subfield>
    <subfield code="2">ddc</subfield>
    <subfield code="5">1</subfield>
    <subfield code="7">0</subfield>
    <subfield code="8">PD</subfield>
    <subfield code="a">BNPHU</subfield>
    <subfield code="b">BNPHU</subfield>
    <subfield code="c">CT</subfield>
    <subfield code="d">2023-10-20</subfield>
    <subfield code="l">0</subfield>
    <subfield code="o">972.9317 R696a</subfield>
    <subfield code="p">2023-7071</subfield>
    <subfield code="r">2023-10-20</subfield>
    <subfield code="w">2023-10-20</subfield>
    <subfield code="y">LBS1</subfield>
  </datafield>
  <datafield tag="999" ind1=" " ind2=" ">
    <subfield code="c">55212</subfield>
    <subfield code="d">55212</subfield>
  </datafield>
</record>
